Thermodynamic properties in quaternized polysulfones/neutral polymer/solvent complex systems

Theoretical and experimental aspects concerning the interactions generated via electrostatic interactions and hydrogen-bonding in quaternized polysulfones/neutral polymer/solvent complex ternary systems are investigated. The experimental results related to the intrinsic viscosity and hydrodynamic pa...

Teljes leírás

Elmentve itt :
Bibliográfiai részletek
Szerzők: Dobos Adina Maria
Popa Adriana
Filimon Anca
Testületi szerző: International Symposium on Analytical and Environmental Problems (23.) (2017) (Szeged)
Dokumentumtípus: Könyv része
Megjelent: 2017
Sorozat:Proceedings of the International Symposium on Analytical and Environmental Problems 23
Kulcsszavak:Polimerek, Makromolekuláris kémia, Szerves kémia
Online Access:http://acta.bibl.u-szeged.hu/56182
LEADER 01961naa a2200229 i 4500
001 acta56182
005 20260224081030.0
008 181214s2017 hu o 100 eng d
020 |a 978-963-306-563-1 
040 |a SZTE Egyetemi Kiadványok Repozitórium  |b hun 
041 |a eng 
100 1 |a Dobos Adina Maria 
245 1 0 |a Thermodynamic properties in quaternized polysulfones/neutral polymer/solvent complex systems  |h [elektronikus dokumentum] /  |c  Dobos Adina Maria 
260 |c 2017 
300 |a 170-174 
490 0 |a Proceedings of the International Symposium on Analytical and Environmental Problems  |v 23 
520 3 |a Theoretical and experimental aspects concerning the interactions generated via electrostatic interactions and hydrogen-bonding in quaternized polysulfones/neutral polymer/solvent complex ternary systems are investigated. The experimental results related to the intrinsic viscosity and hydrodynamic parameters have been obtained by viscometric measurements, using new Wolf model, and discussed in terms of the chemical structure of compounds, density of charged groups, solution concentrations, and mixing ratio of the two polymers. The conformational changes of the polymer chains in dilute solution as well as the effect of electrostatic interactions, hydrogen bonding or association phenomena are reflected in variations of viscosity function on polysulfone content. Moreover, through the perspective of the new theories approached, this work analyzes the thermodynamic and hydrodynamic functions, making possible choosing of the suitable polymer blends for obtaining membranes with certain applications. 
695 |a Polimerek, Makromolekuláris kémia, Szerves kémia 
700 0 1 |a Popa Adriana  |e aut 
700 0 1 |a Filimon Anca  |e aut 
710 |a International Symposium on Analytical and Environmental Problems (23.) (2017) (Szeged) 
856 4 0 |u http://acta.bibl.u-szeged.hu/56182/1/proceedings_of_isaep_2017_170-174.pdf  |z Dokumentum-elérés